南京地铁2号线 Nanjing Metro Line 2 - Statistics

General Stats
  • This quiz has been taken 76 times
  • The average score is 21 of 30
Answer Stats
换乘线路 站名 % Correct
1 新街口
97%
3 大行宫
94%
鱼嘴
86%
经天路
85%
S6 马群
83%
S3 油坊桥
82%
下马坊
82%
苜蓿园
80%
5 上海路
78%
明故宫
78%
4 金马路
78%
7 莫愁湖
74%
孝陵卫
74%
西安门
72%
仙林中心
72%
南大仙林校区
72%
10 元通
69%
钟灵街
69%
羊山公园
68%
学则路
66%
集庆门大街
63%
云锦路
62%
汉中门
58%
奥体东
57%
仙鹤门
57%
雨润大街
46%
7 螺塘路
43%
兴隆大街
40%
青莲街
37%
天保街
34%
No matching quizzes found
Score Distribution
Percent of People with Each Score
Percentile by Number Answered
Your Score History
You have not taken this quiz